Effectiveness of seedling numbers on rice vaieties, ឥទ្ធិពលនៃចំនួនដើមសន្ទូងទៅលើពូជស្រូវ (Record no. 1130)

000 -LEADER
fixed length control field 00524nam a22001577a 4500
003 - CONTROL NUMBER IDENTIFIER
control field OSt
005 - DATE AND TIME OF LATEST TRANSACTION
control field 20150923141503.0
008 - FIXED-LENGTH DATA ELEMENTS--GENERAL INFORMATION
fixed length control field 150923b xxu||||| |||| 00| 0 eng d
040 ## - CATALOGING SOURCE
Transcribing agency RUA
082 ## - DEWEY DECIMAL CLASSIFICATION NUMBER
Classification number AGR SRE 2007 B034 Or.1
100 ## - MAIN ENTRY--PERSONAL NAME
9 (RLIN) 1186
Personal name SREAN, SOKHIM.
245 ## - TITLE STATEMENT
Title Effectiveness of seedling numbers on rice vaieties, ឥទ្ធិពលនៃចំនួនដើមសន្ទូងទៅលើពូជស្រូវ
260 ## - PUBLICATION, DISTRIBUTION, ETC. (IMPRINT)
Place of publication, distribution, etc. Phnom Penh
Name of publisher, distributor, etc. RUA
Date of publication, distribution, etc. 2007
300 ## - PHYSICAL DESCRIPTION
Extent xiii, 52p.
Other physical details ill.
Dimensions 29cm.
942 ## - ADDED ENTRY ELEMENTS (KOHA)
Source of classification or shelving scheme
Koha item type AGR
Holdings
Price effective from Date last seen Permanent Location Not for loan Date acquired Date last checked out Source of classification or shelving scheme Koha item type Total Checkouts Barcode Lost status Damaged status Withdrawn status Current Location Full call number
2015-09-232017-08-04Library Block B 2015-09-232017-07-31 AGR1RUA002887   Library Block BAGR SRE 2007 B034 Or.1
2015-09-232018-12-28Library Block B 2015-09-232018-12-19 AGR3RUA002744   Library Block BAGR SRE 2007 B034 Or.2
2015-09-232016-11-11Library Block B 2015-09-232016-10-21 AGR1RUA002600   Library Block BAGR SRE 2007 B034 Or.3
2015-09-232015-09-23Library Block B 2015-09-23  AGR RUA002594   Library Block BAGR SRE 2007 B034 Or.4
2015-09-232015-09-23Library Block B 2015-09-23  AGR RUA002666   Library Block BAGR SRE 2007 B034 Or.5
2015-09-232018-10-05Library Block B 2015-09-232018-10-02 AGR1RUA002951   Library Block BAGR SRE 2007 B034 Or.6
2015-09-232015-09-23Library Block B 2015-09-23  AGR RUA002954   Library Block BAGR SRE 2007 B034 Or.7
មជ្ឈមណ្ឌលឯការនៃសាកលវិទ្យាល័យភូមិន្ទកសិកម្មចំការដូង

Powered by Koha